000 00409nam a2200157Ia 4500
008 230312s9999||||xx |||||||||||||| ||und||
020 _a93-5090-193-9
082 _a612.74
_bHOU-B
100 _aHouglum;Peggy.A
245 0 _aBrunnstrom's Clinical Kinesiology
260 _bJaypee
_aIndia
_c2012
300 _a704
546 _aEng.
650 _aPhysiotherapy
_vBrunnstrom's Clinical Kinesiology
942 _cBK
999 _c9279
_d9279